| 000 | 00455pab a2200181 454500 | ||
|---|---|---|---|
| 008 | 180718b2006 xxu||||| |||| 00| 0 eng d | ||
| 100 | _aAlderman, Harold | ||
| 245 | _aLong term consequences of early childhood malnutrition | ||
| 260 | _c2006 | ||
| 300 | _ap.450-74. | ||
| 362 | _aJul | ||
| 650 | _aChildhood | ||
| 650 | _aMalnutrition | ||
| 700 | _aKinsey, Bill | ||
| 700 | _aHoddinott, John | ||
| 773 | _aOxford Economic Papers | ||
| 909 | _a71521 | ||
| 999 |
_c71521 _d71521 |
||